| 000 | 00511nam a2200181Ia 4500 | ||
|---|---|---|---|
| 001 | 3926 | ||
| 005 | 20260306145719.0 | ||
| 008 | 260306t2017||||xx |||||||||||||| ||spa|| | ||
| 041 | _aESP | ||
| 082 |
_a305.512 _bC83 |
||
| 100 |
_aCosamalón Aguilar, Jesús A. _eAUT |
||
| 245 | 0 |
_aEl juego de las apariencias: _bla alquimia de los mestizajes y las jerarquías sociales en Lima, siglo XIX |
|
| 260 | _c2017 | ||
| 300 |
_a430 páginas : _c23 cm. |
||
| 650 | _aGEN | ||
| 654 | _aCHU | ||
| 942 |
_cLIB _dJUS _fJUS _2ddc _n |
||
| 999 |
_c3926 _d3926 |
||